[Event "CRO-chT3 South"]
[Site "Dubrovnik"]
[Date "2013.10.12"]
[Round "5.4"]
[White "Peric, Mijo"]
[Black "Bulicic, Branko"]
[Result "1-0"]
[WhiteElo "1933"]
[BlackElo "2029"]
[PlyCount "61"]
[EventDate "2013.04.27"]
[EventType "team-tourn"]
[EventRounds "7"]
[EventCountry "CRO"]
[SourceTitle "EXT 2014"]
[Source "ChessBase"]
[SourceDate "2013.11.20"]
[SourceVersion "1"]
[SourceVersionDate "2013.11.20"]
[SourceQuality "1"]
[WhiteTeam "Split Bacvice"]
[BlackTeam "Kastel"]
[WhiteTeamCountry "CRO"]
[BlackTeamCountry "CRO"]

1. e4 c6 2. d4 d5 3. e5 e6 4. Bd3 f5 5. Nf3 Qb6 6. 0-0 Bd7 7. c4 dxc4 8. Bxc4 Ne7 9. Nc3 Nd5 10. a3 Be7 11. Bg5 Qd8 12. h4 0-0 13. Ne2 h6 14. Bxe7 Qxe7 15. Bxd5 cxd5 16. Nf4 Kh7 17. h5 Be8 18. g3 g5 19. hxg6+ Bxg6 20. Kg2 Bf7 21. Rh1 Kg7 22. Qc1 Rh8 23. Nh5+ Bxh5 24. Rxh5 Kg6 25. Nh4+ Kg7 26. Rxf5 Rf8 27. Rh5 Rh8 28. Qf4 Qf7 29. Qg4+ Kh7 30. Rh1 Rf8 31. Rxh6+ 1-0

[Event "Split op 1st"]
[Site "Split"]
[Date "2011.08.13"]
[Round "9"]
[White "Katavic, Borivoj"]
[Black "Bulicic, Branko"]
[Result "1-0"]
[WhiteElo "2197"]
[BlackElo "2016"]
[PlyCount "66"]
[EventDate "2011.08.05"]
[EventType "swiss"]
[EventRounds "9"]
[EventCountry "CRO"]
[SourceTitle "CBM 143 Extra"]
[Source "ChessBase"]
[SourceDate "2011.08.29"]
[SourceVersion "1"]
[SourceVersionDate "2011.08.29"]
[SourceQuality "1"]

1. e4 c5 2. Nf3 Nc6 3. d4 cxd4 4. Nxd4 e5 5. Nb5 d6 6. N1c3 a6 7. Na3 f5 8. Bd3 fxe4 9. Bxe4 Nf6 10. Bg5 Be7 11. Bxf6 Bxf6 12. Nc4 Nd4 13. Qd3 g6 14. Nd5 0-0 15. Ndb6 Rb8 16. c3 Ne6 17. Qxd6 Qxd6 18. Nxd6 Nc5 19. Nbxc8 Rfxc8 20. Bd5+ Kg7 21. Nxc8 Rxc8 22. 0-0-0 Rc7 23. Kb1 b5 24. h4 a5 25. g4 g5 26. h5 Kf8 27. f3 h6 28. Rh2 Ke7 29. Rhd2 b4 30. cxb4 axb4 31. Rc2 Na6 32. Rdc1 Rd7 33. Be4 Kd6 1-0

[Event "Split op 1st"]
[Site "Split"]
[Date "2011.08.12"]
[Round "8"]
[White "Bulicic, Branko"]
[Black "Vukovic, Ivo"]
[Result "0-1"]
[WhiteElo "2016"]
[BlackElo "2216"]
[PlyCount "110"]
[EventDate "2011.08.05"]
[EventType "swiss"]
[EventRounds "9"]
[EventCountry "CRO"]
[SourceTitle "CBM 143 Extra"]
[Source "ChessBase"]
[SourceDate "2011.08.29"]
[SourceVersion "1"]
[SourceVersionDate "2011.08.29"]
[SourceQuality "1"]

1. c4 Nf6 2. Nc3 e5 3. e4 Bc5 4. d3 h6 5. Be3 d6 6. Qd2 Nc6 7. Bxc5 dxc5 8. Be2 Nd4 9. Nf3 Nxf3+ 10. Bxf3 c6 11. 0-0 Be6 12. Be2 0-0 13. Qe3 Nd7 14. Rad1 Qg5 15. Kh1 Rad8 16. Qxg5 hxg5 17. f3 g6 18. g4 Kg7 19. Kg2 Rh8 20. h3 Nf8 21. Rfe1 Bc8 22. Bf1 Ne6 23. Ne2 Rd6 24. Rd2 Rhd8 25. Red1 b5 26. cxb5 cxb5 27. Kf2 b4 28. Ke1 a5 29. b3 Ba6 30. Nc1 Bb5 31. Rc2 a4 32. Rdd2 Ra8 33. Be2 axb3 34. Nxb3 Ba4 35. Rc1 Bxb3 36. axb3 Ra3 37. Rb2 Rda6 38. Kd2 Ra2 39. Rcc2 Rxb2 40. Rxb2 Ra1 41. Ke3 Nd4 42. Kf2 Rc1 43. Ke3 Rh1 44. Kf2 Rh2+ 45. Ke3 Rxh3 46. Bd1 Rh1 47. Kd2 Rf1 48. Be2 Ra1 49. Bd1 Kf6 50. Be2 Ke6 51. Ke3 Rh1 52. Ra2 Rb1 53. Ra6+ Ke7 54. Ra7+ Kf6 55. Rc7 Rc1 0-1

[Event "Split op 1st"]
[Site "Split"]
[Date "2011.08.05"]
[Round "1"]
[White "Kuljasevic, Davorin"]
[Black "Bulicic, Branko"]
[Result "1-0"]
[WhiteElo "2555"]
[BlackElo "2016"]
[PlyCount "155"]
[EventDate "2011.08.05"]
[EventType "swiss"]
[EventRounds "9"]
[EventCountry "CRO"]
[SourceTitle "CBM 143 Extra"]
[Source "ChessBase"]
[SourceDate "2011.08.29"]
[SourceVersion "1"]
[SourceVersionDate "2011.08.29"]
[SourceQuality "1"]

1. d4 d5 2. c4 c6 3. Nf3 f5 4. Bf4 Nf6 5. e3 e6 6. Bd3 Be7 7. 0-0 0-0 8. h3 Bd6 9. Ne5 Be7 10. Nd2 Nbd7 11. Qc2 Nxe5 12. Bxe5 Bd6 13. Nf3 Bxe5 14. Nxe5 Nd7 15. Nf3 Nf6 16. Rac1 Bd7 17. Ne5 Be8 18. cxd5 Nxd5 19. Qd2 g6 20. Kh2 Qd6 21. g3 Qb4 22. Qxb4 Nxb4 23. Bc4 Nd5 24. h4 h5 25. a3 Rd8 26. Rc2 Kg7 27. b4 a6 28. Rb1 Kf6 29. Kg2 Rg8 30. Re1 g5 31. hxg5+ Rxg5 32. Rh1 Bf7 33. Rh4 Rh8 34. Rc1 Be8 35. Be2 Rg7 36. Rch1 Rgh7 37. Nd3 Ke7 38. Bf3 Kd6 39. Re1 Bg6 40. Ne5 Be8 41. e4 fxe4 42. Bxe4 Rh6 43. Nd3 b6 44. Bf3 Bg6 45. Ne5 Be8 46. Nc4+ Kc7 47. Re5 Ne7 48. Be4 Ng6 49. Bxg6 Rxg6 50. Ne3 Rf6 51. Nc4 Rhf8 52. f4 Rg8 53. Re3 Bf7 54. Ne5 Be8 55. Kf2 Rg7 56. Nf3 Kd7 57. Rh1 Kd6 58. Re5 Rf5 59. Re3 Kd5 60. Rhe1 Rf6 61. Re5+ Kd6 62. Ng5 Bd7 63. Ne4+ Ke7 64. Nxf6 Kxf6 65. Rxh5 Be8 66. Rh6+ Rg6 67. Rxg6+ Bxg6 68. g4 Bd3 69. Ke3 Bc4 70. Rh1 Kg7 71. f5 exf5 72. gxf5 Bd5 73. Rg1+ Kf6 74. Kf4 Bf7 75. Rh1 Kg7 76. Kg5 Bd5 77. f6+ Kg8 78. Re1 1-0

[Event "Split op 4th"]
[Site "Split"]
[Date "2010.05.01"]
[Round "2"]
[White "Armanda, Ivica"]
[Black "Bulicic, Branko"]
[Result "1-0"]
[WhiteElo "2356"]
[BlackElo "1974"]
[PlyCount "62"]
[EventDate "2010.04.30"]
[EventType "swiss"]
[EventRounds "9"]
[EventCountry "CRO"]
[SourceTitle "EXT 2011"]
[Source "ChessBase"]
[SourceDate "2010.11.26"]
[SourceVersion "1"]
[SourceVersionDate "2010.11.26"]
[SourceQuality "1"]

1. e4 c6 2. d4 d5 3. Nc3 e6 4. Nf3 Bb4 5. e5 c5 6. a3 Bxc3+ 7. bxc3 c4 8. a4 Nc6 9. g3 Nge7 10. Bh3 0-0 11. 0-0 h6 12. Ba3 Re8 13. Nh4 Ng6 14. Ng2 Nge7 15. Ne3 g6 16. Qf3 Nf5 17. Ng4 Kg7 18. Nf6 Rh8 19. Bxf5 gxf5 20. g4 Ne7 21. gxf5 exf5 22. Bxe7 Qxe7 23. Nxd5 Qh4 24. Nf6 Rb8 25. a5 f4 26. Kh1 Be6 27. d5 Bh3 28. Rg1+ Kf8 29. d6 Be6 30. Rg2 h5 31. Rag1 Bg4 1-0